Statistiques concernant Liste Swadesh de l'anglais

Cliquez ici pour prendre le quiz!

Statistiques générales

  • Ce quiz a été pris 115 fois
  • Le résultat moyen est 167 sur 207

Statistiques - réponses

FrançaisAnglais% Correct
3ilhe
100%
9icihere
100%
1jeI
100%
5vous (pluriel)you
100%
2tu / vous (formel)you
100%
44animalanimal
98%
46oiseaubird
98%
47chiendog
98%
74œileye
98%
66graissefat
98%
43pèrefather
98%
45poissonfish
98%
26cinqfive
98%
80piedfoot
98%
25quatrefour
98%
54fruitfruit
98%
83mainhand
98%
202dansin
98%
56feuille (d'un végétal)leaf
98%
37homme (mâle adulte)man
98%
38homme (être humain)man / person
98%
42mèremother
98%
75neznose
98%
22unone
98%
149étoilestar
98%
147soleilsun
98%
35mincethin
98%
24troisthree
98%
122venirto come
98%
92boireto drink
98%
93mangerto eat
98%
128donnerto give
98%
102entendreto hear
98%
110tuerto kill
98%
103savoirto know
98%
101voirto see
98%
141chanterto sing
98%
107dormirto sleep
98%
104penserto think
98%
23deuxtwo
98%
150eauwater
98%
4nouswe
98%
12quoiwhat
98%
14quandwhen
98%
13where
98%
11quiwho
98%
204etand
97%
88dosback
97%
186mauvaisbad
97%
206parce quebecause
97%
176noirblack
97%
64sangblood
97%
39enfantchild
97%
178jourday
97%
73oreilleear
97%
67œufegg
97%
167feufire
97%
173vertgreen
97%
71cheveuxhair
97%
72têtehead
97%
15commenthow
97%
205si (condition)if
97%
63viandemeat
97%
148lunemoon
97%
76bouchemouth
97%
207nomname
97%
177nuitnight
97%
21autreother
97%
151pluierain
97%
172rougered
97%
199droiteright
97%
62peauskin
97%
49serpentsnake
97%
6ilsthey
97%
7ceci / celui-cithis
97%
114couperto cut
97%
127tomberto fall
97%
120voler (dans l'air)to fly
97%
113frapperto hit
97%
108vivreto live
97%
142jouer (s'amuser)to play
97%
51arbretree
97%
175blancwhite
97%
40femme (épouse)wife
97%
203avec (ensemble)with
97%
36femmewoman
97%
179an / annéeyear
97%
174jauneyellow
97%
27grandbig
95%
59fleurflower
95%
185bongood
95%
200gaucheleft
95%
183nouveaunew
95%
184vieuxold
95%
144couler (liquide)to flow
95%
119nagerto swim
95%
121marcherto walk
95%
17toutall
94%
28longlong
94%
154mersea
94%
162cielsky
94%
164neigesnow
94%
169brûler (intransitif)to burn
94%
140direto say
94%
126tourner (intransitif)to turn
94%
163ventwind
94%
181froidcold
92%
52forêtforest
92%
90cœur (organe)heart
92%
41marihusband
92%
153laclake
92%
81jambeleg
92%
109mourirto die
92%
100rireto laugh
92%
8cela / celui-làthat
90%
77denttooth
90%
105sentir (odorat)to smell
90%
65osbone
89%
171montagnemountain
89%
152rivièreriver
89%
170routeroad
89%
155selsalt
89%
94mordreto bite
89%
111se battreto fight
89%
124être assisto sit
89%
198loinfar
87%
16ne...pasnot
87%
32petitsmall
87%
10there
87%
135pousserto push
87%
165glaceice
85%
87couneck
85%
19quelquessome
85%
139compterto count
85%
60herbegrass
84%
182pleinfull
81%
82genouknee
81%
157sablesand
81%
132laverto wash
81%
112chasser (le gibier)to hunt
79%
95sucerto suck
79%
160nuagecloud
77%
20peufew
77%
84ailewing
77%
78langue (organe)tongue
76%
79onglefingernail
73%
33courtshort
73%
125se tenir deboutto stand
73%
196juste, correctcorrect
71%
195secdry
71%
197prèsnear
71%
190rondround
71%
166fuméesmoke
71%
156pierrestone
71%
136jeter, lancerto throw
71%
194mouillé / humidewet
71%
188saledirty
69%
31lourdheavy
69%
69queue (d'un animal)tail
69%
99respirerto breathe
68%
129tenirto hold
68%
180chaudwarm
66%
201àat
65%
159terre (sol)earth
65%
18beaucoupmany
63%
106craindreto fear
63%
145gelerto freeze
63%
158poussièredust
61%
53bâtonstick
61%
118creuserto dig
58%
57racineroot
56%
55graineseed
56%
50verworm
56%
98soufflerto blow
55%
61corderope
53%
189droit (rectiligne)straight
53%
85ventrebelly
50%
97vomirto vomit
50%
123être étenduto lie
48%
168cendreashes
47%
161brouillardfog
45%
91foieliver
45%
134tirerto pull
44%
70plume (d'un oiseau)feather
42%
68cornehorn
42%
30épaisthick
42%
96cracherto spit
42%
143flotterto float
40%
116poignarderto stab
40%
89poitrinebreast
34%
34étroitnarrow
32%
86entrailles / intestinsguts
31%
187pourrirotten
31%
193lissesmooth
27%
117gratterto scratch
27%
138coudreto sew
27%
115fendreto split
26%
191tranchantsharp
24%
130serrer, presserto squeeze
24%
29largewide
21%
137lierto tie
19%
48poulouse
18%
133essuyerto wipe
16%
131frotterto rub
15%
58écorcebark
13%
192émoussédull / blunt
11%
146gonfler (intransitif)to swell
6%

Distribution des résultats

Percentile par nombre de réponses

% des personnes avec chaque résultat

Votre développement - résultats

Vous n’avez pas pris ce quiz